-
Gupta, Dr. B R & Singhal.V
Entry Personal Name
Number of records used in: 4
001 - CONTROL NUMBER
003 - CONTROL NUMBER IDENTIFIER
005 - DATE AND TIME OF LATEST TRANSACTION
- control field:
20160629144545.0
008 - FIXED-LENGTH DATA ELEMENTS
- fixed length control field:
160629|| aca||aabn | a|a d
040 ## - CATALOGING SOURCE
- Original cataloging agency:
OSt
- Transcribing agency:
OSt
100 ## - HEADING--PERSONAL NAME
- Personal name:
Gupta, Dr. B R & Singhal.V
670 ## - SOURCE DATA FOUND
- Source citation:
Work cat.: (OSt): Gupta, Dr. B R & Singhal.V, Digital Electronics, 2012